| 000 | 00634pam a2200193 a 4500 | ||
|---|---|---|---|
| 020 | _a0442230125 | ||
| 082 | 0 | 0 |
_a624.171 _bGUT _cD |
| 100 | 1 |
_aGutkowski, Richard M. _942710 |
|
| 245 | 1 | 0 |
_aStructures : _bfundamental theory and behavior / _cRichard M. Gutkowski. |
| 250 | _a2nd ed. | ||
| 260 |
_aNew York : _bVan Nostrand Reinhold, _cc1990. |
||
| 300 |
_axviii, 540 p. : _bill. ; _c27 cm. |
||
| 490 | 1 | _aStructural engineering series | |
| 500 | _aIncludes index. | ||
| 526 |
_a0 _b0 _c0 _d624_171000000000000_GUT |
||
| 526 |
_a0 _b0 _c0 _d624_171000000000000_GUT |
||
| 650 | 0 |
_aStructural analysis (Engineering) _9654 |
|
| 942 |
_2ddc _cBK |
||
| 999 |
_c546619 _d546619 |
||